Las ideologías de la reforma educativa de 1970 (Record no. 70080)

MARC details
000 -CABECERA
campo de control de longitud fija 00552nam a2200217 a 4500
005 - FECHA Y HORA DE LA ÚLTIMA TRANSACCIÓN
campo de control 20210219153153.0
008 - ELEMENTOS DE LONGITUD FIJA--INFORMACIÓN GENERAL
campo de control de longitud fija 991125n 000 0 spa u
035 ## - NÚMERO DE CONTROL DEL SISTEMA
Número de control de sistema UPN01000081666
100 1# - ASIENTO PRINCIPAL--NOMBRE PERSONAL
Nombre de persona Ortega, Félix
222 #0 - TÍTULO CLAVE
Título clave REVISTA DE EDUCACION
245 04 - MENCIÓN DE TÍTULO
Título Las ideologías de la reforma educativa de 1970
300 ## - DESCRIPCIÓN FÍSICA
Extensión 31-46
362 0# - FECHAS DE PUBLICACIÓN Y/O DESIGNACIÓN SECUENCIAL
Fecha de publicación y/o designación secuencial 1992 Número extraordinario
653 0# - TERMINO DE INDIZACION - NO CONTROLADO
Término no controlado ESPAÑA
653 0# - TERMINO DE INDIZACION - NO CONTROLADO
Término no controlado LGE
653 0# - TERMINO DE INDIZACION - NO CONTROLADO
Término no controlado LOGSE
653 0# - TERMINO DE INDIZACION - NO CONTROLADO
Término no controlado REFORMA EDUCATIVA
653 0# - TERMINO DE INDIZACION - NO CONTROLADO
Término no controlado SISTEMA EDUCATIVO
904 ## - ELEMENTOS DE DATOS D LOCAL, LDD (RLIN)
a AC
b 019477
905 ## - TIPO DE MATERIAL
Tipo de material Articulo

No items available.